[Event "Fajr op 16th"]
[Site "Urmia"]
[Date "2008.02.03"]
[Round "2"]
[White "Tarazooyeadl, Mojtaba"]
[Black "Pantsulaia, Levan"]
[Result "1-0"]
[WhiteElo "2140"]
[BlackElo "2629"]
[PlyCount "82"]
[EventDate "2008.02.03"]
[EventType "swiss"]
[EventRounds "11"]
[EventCountry "IRI"]
[SourceTitle "CBM 122 Extra"]
[Source "ChessBase"]
[SourceDate "2008.03.04"]
[SourceVersion "1"]
[SourceVersionDate "2008.03.04"]
[SourceQuality "1"]

1. e4 c6 2. d4 d5 3. e5 Bf5 4. Nf3 e6 5. Be2 Nd7 6. 0-0 Ne7 7. b3 h6 8. Na3 g5 9. c4 Bg7 10. Nc2 Bh7 11. Ba3 Ng6 12. Re1 g4 13. Nd2 h5 14. g3 f5 15. exf6 Qxf6 16. cxd5 cxd5 17. Rc1 Ne7 18. Bb5 a6 19. Bxd7+ Kxd7 20. Bxe7 Qxe7 21. Ne3 Qf6 22. Ndc4 dxc4 23. d5 e5 24. Nxc4 e4 25. d6 Qd4 26. Qe2 Rac8 27. Red1 Qc5 28. Qd2 Rhf8 29. Ne3 Bc3 30. Rxc3 Qxc3 31. Qd5 Rc6 32. Nc4 e3 33. Ne5+ Kd8 34. Nxc6+ bxc6 35. Qg5+ Qf6 36. Qxe3 Bf5 37. Qa7 Qf7 38. Qb8+ Kd7 39. Qc7+ Ke6 40. d7 Bd3 41. Re1+ Kf6 1-0